[Event "ISR-ch op"]
[Site "Acre"]
[Date "2024.01.29"]
[Round "9"]
[White "Mikhalevski, Victor"]
[Black "Baron, Tal"]
[Result "1/2-1/2"]
[WhiteElo "2524"]
[BlackElo "2490"]
[PlyCount "60"]
[EventDate "2024.01.21"]
[EventType "swiss"]
[EventRounds "9"]
[EventCountry "ISR"]
[SourceTitle "CB05_2024"]
[SourceDate "2024.01.31"]
[SourceVersion "1"]
[SourceVersionDate "2024.01.31"]
[SourceQuality "1"]

1. c4 c5 2. Nc3 g6 3. e3 Nf6 4. d4 Bg7 5. d5 d6 6. h3 0-0 7. Nf3 e5 8. Qc2 Na6 9. a3 h5 10. e4 Nh7 11. g3 Bd7 12. Nb5 Nc7 13. Nxc7 Qxc7 14. Bd3 a6 15. Kf1 b5 16. Kg2 bxc4 17. Bxc4 f5 18. Nh4 Rf6 19. f4 Re8 20. exf5 Bxf5 21. Nxf5 Rxf5 22. Bd3 Qf7 23. Bxf5 gxf5 24. Rd1 e4 25. Be3 Nf6 26. Qc4 h4 27. gxh4 Qh5 28. Qf1 Qf7 29. Qc4 Qh5 30. Qf1 Qf7 1/2-1/2

[Event "ISR-ch op"]
[Site "Acre"]
[Date "2024.01.23"]
[Round "3"]
[White "Krayz, Alexander"]
[Black "Baron, Tal"]
[Result "0-1"]
[WhiteElo "2327"]
[BlackElo "2490"]
[PlyCount "56"]
[EventDate "2024.01.21"]
[EventType "swiss"]
[EventRounds "9"]
[EventCountry "ISR"]
[SourceTitle "CB05_2024"]
[SourceDate "2024.01.31"]
[SourceVersion "1"]
[SourceVersionDate "2024.01.31"]
[SourceQuality "1"]

1. e4 e5 2. Nf3 Nc6 3. Bc4 Nf6 4. d3 Bc5 5. c3 0-0 6. Nbd2 h6 7. Bb3 a5 8. h3 b6 9. 0-0 Ba6 10. Nc4 Re8 11. a4 d5 12. exd5 Nxd5 13. Re1 Qf6 14. Re4 Re7 15. Qe1 Rae8 16. Na3 Qd6 17. Nb5 Qd7 18. Re2 Bb7 19. Bd2 Nf6 20. Rd1 Qxd3 21. Bxh6 Qg6 22. Bc1 Nd4 23. Nh4 Nf3+ 24. Nxf3 Bxf3 25. Qf1 Ne4 26. Be3 c6 27. Bc2 cxb5 28. Bxc5 bxc5 0-1

[Event "ISR-ch op"]
[Site "Acre"]
[Date "2024.01.21"]
[Round "1"]
[White "Mendler, Omer"]
[Black "Baron, Tal"]
[Result "0-1"]
[WhiteElo "1537"]
[BlackElo "2490"]
[PlyCount "192"]
[EventDate "2024.01.21"]
[EventType "swiss"]
[EventRounds "9"]
[EventCountry "ISR"]
[SourceTitle "CB05_2024"]
[SourceDate "2024.01.31"]
[SourceVersion "1"]
[SourceVersionDate "2024.01.31"]
[SourceQuality "1"]

1. d4 Nf6 2. Bf4 b6 3. e3 Bb7 4. Nf3 g6 5. Bd3 Bg7 6. Nbd2 0-0 7. 0-0 d6 8. c3 Nbd7 9. Re1 Re8 10. e4 e5 11. Bg5 h6 12. Bh4 c6 13. Qc2 Qc7 14. Rad1 Nh5 15. Bg3 Nf8 16. Nc4 b5 17. Ne3 a6 18. Bf1 Rab8 19. d5 c5 20. c4 Bc8 21. cxb5 axb5 22. a4 bxa4 23. Qxa4 Bd7 24. Qc2 Rb4 25. Nd2 Ra8 26. Ra1 Rba4 27. Rxa4 Bxa4 28. b3 Be8 29. b4 Ba4 30. Qc3 Nd7 31. Rb1 Bf6 32. b5 Bg5 33. Ndc4 Nhf6 34. f3 Rb8 35. h4 Bf4 36. Bxf4 exf4 37. b6 Qd8 38. Qa1 fxe3 39. Qxa4 Nxb6 40. Qa7 Nfd7 41. Nxd6 Qxh4 42. Rxb6 Rxb6 43. Qxd7 Rxd6 44. Qxd6 Qf2+ 45. Kh2 Qxf1 46. Qb8+ Kh7 47. Qf8 Qa1 48. d6 Qe5+ 49. Kg1 Qa1+ 50. Kh2 Qg7 51. Qxg7+ Kxg7 52. d7 e2 53. d8Q e1Q 54. Qe7 Qc3 55. e5 Qd4 56. Qf6+ Kg8 57. g3 Qd2+ 58. Kh3 Qd7+ 59. g4 c4 60. Qf4 Qc6 61. Kg3 g5 62. Qd4 c3 63. e6 fxe6 64. Qf6 Qc7+ 65. Kg2 Qc4 66. Qg6+ Kf8 67. Qxh6+ Ke8 68. Qg6+ Kd7 69. Qf7+ Kd6 70. Qf8+ Kc6 71. Qe8+ Kc5 72. Qe7+ Kd4 73. Qf6+ Kd3 74. Qg6+ Ke2 75. Qc2+ Ke3 76. Qc1+ Kd4 77. Kf2 Qa2+ 78. Kg3 Qd2 79. Qg1+ Qe3 80. Qd1+ Ke5 81. Qb3 Kf6 82. Qc2 Qe1+ 83. Kh3 Qh1+ 84. Kg3 Qe1+ 85. Kh3 Qd2 86. Qh7 c2 87. Qh8+ Ke7 88. Qg7+ Kd6 89. Qf8+ Kc6 90. Qc8+ Kb5 91. Qb7+ Kc4 92. Qc6+ Kd3 93. Qd6+ Ke2 94. Qxe6+ Kf1 95. Qa6+ Kf2 96. Qa7+ Qe3 0-1

[Event "ISR-chT"]
[Site "Israel"]
[Date "2022.02.19"]
[Round "8.1"]
[White "Baron, Tal"]
[Black "Khmelniker, Ilya"]
[Result "1-0"]
[WhiteElo "2522"]
[BlackElo "2481"]
[PlyCount "55"]
[EventDate "2022.01.14"]
[EventType "team-tourn"]
[EventRounds "11"]
[EventCountry "ISR"]
[SourceTitle "EXT 2023"]
[Source "ChessBase"]
[SourceDate "2022.10.05"]
[SourceVersion "1"]
[SourceVersionDate "2022.10.05"]
[SourceQuality "1"]
[WhiteTeam "Rishon Le Zion"]
[BlackTeam "Beer Sheva II"]
[WhiteTeamCountry "ISR"]
[BlackTeamCountry "ISR"]

1. d4 Nf6 2. c4 e6 3. Nc3 d5 4. cxd5 exd5 5. Bg5 Be7 6. e3 0-0 7. Bd3 Nbd7 8. Nge2 b6 9. Ng3 g6 10. Qf3 Bb7 11. Bh6 Re8 12. h4 c5 13. 0-0-0 Bf8 14. Bxf8 Nxf8 15. h5 Ne6 16. hxg6 fxg6 17. Rh4 cxd4 18. exd4 Ne4 19. Rg4 Nxd4 20. Qe3 Qc8 21. Qxd4 Qxg4 22. Ngxe4 Rxe4 23. Nxe4 Rc8+ 24. Kd2 Qf4+ 25. Ke1 dxe4 26. Bc4+ Kf8 27. Qh8+ Ke7 28. Qg7+ 1-0

[Event "ISR-chT"]
[Site "Israel"]
[Date "2022.01.15"]
[Round "2.1"]
[White "Zemach, Roee"]
[Black "Baron, Tal"]
[Result "1/2-1/2"]
[WhiteElo "2293"]
[BlackElo "2522"]
[PlyCount "60"]
[EventDate "2022.01.14"]
[EventType "team-tourn"]
[EventRounds "11"]
[EventCountry "ISR"]
[SourceTitle "EXT 2023"]
[Source "ChessBase"]
[SourceDate "2022.10.05"]
[SourceVersion "1"]
[SourceVersionDate "2022.10.05"]
[SourceQuality "1"]
[WhiteTeam "Tel Aviv"]
[BlackTeam "Rishon Le Zion"]
[WhiteTeamCountry "ISR"]
[BlackTeamCountry "ISR"]

1. e4 c5 2. Nf3 Nc6 3. d4 cxd4 4. Nxd4 Nf6 5. Nc3 d6 6. Bg5 e6 7. Qd2 a6 8. 0-0-0 Bd7 9. f4 Be7 10. Nf3 b5 11. Bxf6 gxf6 12. f5 Qb6 13. Kb1 0-0-0 14. fxe6 fxe6 15. g3 Kb8 16. Bh3 Na5 17. Nd4 b4 18. Nce2 e5 19. Bxd7 Rxd7 20. Nf5 Nc4 21. Qd3 Rc8 22. Nc1 Bf8 23. Nb3 Qc6 24. Rhe1 d5 25. exd5 Rxd5 26. Qxd5 Na3+ 27. bxa3 Qxc2+ 28. Ka1 Qc3+ 29. Kb1 Qc2+ 30. Ka1 Qc3+ 1/2-1/2

[Event "ISR-chT"]
[Site "Israel"]
[Date "2022.01.14"]
[Round "1.1"]
[White "Baron, Tal"]
[Black "Mesropov, Konstantin Eduard"]
[Result "1/2-1/2"]
[WhiteElo "2522"]
[BlackElo "2429"]
[PlyCount "22"]
[EventDate "2022.01.14"]
[EventType "team-tourn"]
[EventRounds "11"]
[EventCountry "ISR"]
[SourceTitle "EXT 2023"]
[Source "ChessBase"]
[SourceDate "2022.10.05"]
[SourceVersion "1"]
[SourceVersionDate "2022.10.05"]
[SourceQuality "1"]
[WhiteTeam "Rishon Le Zion"]
[BlackTeam "Ramat Gan Etude"]
[WhiteTeamCountry "ISR"]
[BlackTeamCountry "ISR"]

1. e4 e6 2. d4 d5 3. Nc3 a6 4. Nf3 Nf6 5. Bg5 Be7 6. Bd3 dxe4 7. Nxe4 Nxe4 8. Bxe7 Nxf2 9. Bxd8 Nxd1 10. Bxc7 Nxb2 11. Be2 b5 1/2-1/2

[Event "Gibraltar Masters 18th"]
[Site "Caleta"]
[Date "2020.01.29"]
[Round "9"]
[White "Krishna, C Revanth Gopala"]
[Black "Baron, Tal"]
[Result "0-1"]
[WhiteElo "2436"]
[BlackElo "2529"]
[PlyCount "113"]
[EventDate "2020.01.21"]
[EventType "swiss"]
[EventRounds "10"]
[EventCountry "GGB"]
[SourceTitle "CBM 194 Extra"]
[Source "ChessBase"]
[SourceDate "2020.03.31"]
[SourceVersion "1"]
[SourceVersionDate "2020.03.31"]
[SourceQuality "1"]

1. d4 d5 2. c4 e6 3. Nf3 Nf6 4. g3 dxc4 5. Bg2 a6 6. 0-0 Nc6 7. e3 Rb8 8. Qe2 b5 9. b3 cxb3 10. axb3 Bd6 11. Bd2 0-0 12. Rc1 Bb7 13. Ne1 Nd5 14. Nd3 Nde7 15. Bc3 f6 16. Nd2 e5 17. dxe5 fxe5 18. Ne4 Nd5 19. Bb2 Ndb4 20. Nec5 Nxd3 21. Nxd3 Qd7 22. Nc5 Bxc5 23. Rxc5 Rf6 24. Bd5+ Kh8 25. Be4 Rbf8 26. f4 Re6 27. fxe5 Nd8 28. Bxb7 Nxb7 29. Rc2 Rd8 30. b4 h6 31. Bd4 Rc8 32. Rd1 Nd8 33. Bc5 Qe8 34. Bd4 Nc6 35. Rdc1 Qg6 36. Qf3 Nxe5 37. Bxe5 Rxe5 38. Rc6 Qg5 39. Rxc7 Rxc7 40. Rxc7 Qxe3+ 41. Qxe3 Rxe3 42. Rc6 Ra3 43. Kg2 Ra2+ 44. Kg1 h5 45. h4 Kh7 46. Kf1 g6 47. Kg1 Kg7 48. Kf1 Kf7 49. Kg1 Ra4 50. Kg2 Rxb4 51. Rxa6 Rg4 52. Rd6 Ke7 53. Rd5 b4 54. Kf3 Ke6 55. Rd8 Ke5 56. Rd7 Rc4 57. Rb7 0-1

[Event "Gibraltar Masters 18th"]
[Site "Caleta"]
[Date "2020.01.27"]
[Round "7"]
[White "Rakotomaharo, Fy Antenaina"]
[Black "Baron, Tal"]
[Result "1/2-1/2"]
[WhiteElo "2433"]
[BlackElo "2529"]
[PlyCount "135"]
[EventDate "2020.01.21"]
[EventType "swiss"]
[EventRounds "10"]
[EventCountry "GGB"]
[SourceTitle "CBM 194 Extra"]
[Source "ChessBase"]
[SourceDate "2020.03.31"]
[SourceVersion "1"]
[SourceVersionDate "2020.03.31"]
[SourceQuality "1"]

1. d4 Nf6 2. c4 e6 3. Nc3 Bb4 4. e3 0-0 5. Bd2 b6 6. Bd3 Bb7 7. Nf3 d5 8. cxd5 exd5 9. Rc1 a6 10. 0-0 Nbd7 11. Ne5 Bd6 12. f4 Ne4 13. Nxe4 dxe4 14. Bc4 Qe7 15. Be1 Rad8 16. Nxd7 Rxd7 17. Qg4 Kh8 18. f5 f6 19. Bg3 Bxg3 20. Qxg3 Qd6 21. Be6 Qxg3 22. hxg3 Re7 23. d5 g6 24. g4 Rd8 25. Rfd1 h5 26. fxg6 hxg4 27. Rd4 Bc8 28. Bxc8 Rxc8 29. Rc6 Kg7 30. d6 Rd7 31. Kf2 Kxg6 32. Rdc4 b5 33. Rc2 Kg5 34. R2c5+ f5 35. Rxa6 Kh4 36. Rxf5 g3+ 37. Ke2 cxd6 38. Rf4+ Kg5 39. Rxe4 Rc2+ 40. Kf3 Rxb2 41. Kxg3 Kf5 42. Rf4+ Ke5 43. Kf3 Rb1 44. g4 Rf1+ 45. Kg3 Rg1+ 46. Kf2 Rb1 47. Ra8 Rh7 48. Rf5+ Ke6 49. Kf3 Rg7 50. Re8+ Kd7 51. Rb8 Kc6 52. Rc8+ Kd7 53. Rc2 Rf1+ 54. Ke2 Rg1 55. Rxb5 R7xg4 56. Ra5 R4g2+ 57. Kd3 Rd1+ 58. Kc3 Rg8 59. Ra7+ Ke6 60. Rd2 Re1 61. Rd3 Rc8+ 62. Kd2 Rec1 63. Rd4 R1c2+ 64. Kd1 Rh2 65. Ra6 Rcc2 66. Raxd6+ Ke5 67. R6d5+ Ke6 68. Rd6+ 1/2-1/2

[Event "Wch Blitz"]
[Site "Moscow"]
[Date "2019.12.30"]
[Round "17"]
[White "Baron, Tal"]
[Black "Gasanov, Eldar"]
[Result "1-0"]
[WhiteElo "2541"]
[BlackElo "2481"]
[PlyCount "37"]
[EventDate "2019.12.29"]
[EventType "swiss (blitz)"]
[EventRounds "21"]
[EventCountry "RUS"]
[SourceTitle "CBM 193 Extra"]
[Source "ChessBase"]
[SourceDate "2020.01.31"]
[SourceVersion "1"]
[SourceVersionDate "2020.01.31"]
[SourceQuality "1"]

1. Nf3 c5 2. e4 Nc6 3. d4 cxd4 4. Nxd4 g6 5. c4 Nf6 6. Nc3 Bg7 7. Be3 0-0 8. Be2 d6 9. 0-0 Bd7 10. f3 Nxd4 11. Bxd4 a5 12. a3 a4 13. c5 Bc6 14. cxd6 exd6 15. Qd2 Qa5 16. Rad1 Rfe8 17. Kh1 Rad8 18. Bxf6 Bxf6 19. Nd5 1-0

[Event "Wch Blitz"]
[Site "Moscow"]
[Date "2019.12.30"]
[Round "16"]
[White "Kazhgaleyev, Murtas"]
[Black "Baron, Tal"]
[Result "1-0"]
[WhiteElo "2569"]
[BlackElo "2541"]
[PlyCount "79"]
[EventDate "2019.12.29"]
[EventType "swiss (blitz)"]
[EventRounds "21"]
[EventCountry "RUS"]
[SourceTitle "CBM 193 Extra"]
[Source "ChessBase"]
[SourceDate "2020.01.31"]
[SourceVersion "1"]
[SourceVersionDate "2020.01.31"]
[SourceQuality "1"]

1. d4 Nf6 2. c4 g6 3. Nc3 d5 4. cxd5 Nxd5 5. Bd2 Bg7 6. e4 Nxc3 7. Bxc3 0-0 8. Qd2 Nc6 9. d5 Ne5 10. f4 Ng4 11. Bxg7 Kxg7 12. Be2 c6 13. Bxg4 Bxg4 14. h3 Bd7 15. Rd1 Qb6 16. Nf3 cxd5 17. Qxd5 Kg8 18. Qxd7 Rad8 19. Qa4 Qe3+ 20. Kf1 b5 21. Qc2 Rxd1+ 22. Qxd1 Rc8 23. Qe2 Rc1+ 24. Ne1 Qxf4+ 25. Kg1 Qg3 26. Kf1 Qf4+ 27. Qf3 Qd2 28. Qf2 Qa5 29. a3 b4 30. Qd2 Qa6+ 31. Kf2 Qf6+ 32. Ke2 Rb1 33. Rf1 Qe5 34. Nf3 Qb5+ 35. Ke3 Rxf1 36. axb4 Qb6+ 37. Kf4 g5+ 38. Kxg5 Qg6+ 39. Kh4 Qxg2 40. Qxg2+ 1-0

[Event "Wch Blitz"]
[Site "Moscow"]
[Date "2019.12.29"]
[Round "1"]
[White "Baron, Tal"]
[Black "Adhiban, Baskaran"]
[Result "1/2-1/2"]
[WhiteElo "2541"]
[BlackElo "2654"]
[PlyCount "97"]
[EventDate "2019.12.29"]
[EventType "swiss (blitz)"]
[EventRounds "21"]
[EventCountry "RUS"]
[SourceTitle "CBM 193 Extra"]
[Source "ChessBase"]
[SourceDate "2020.01.31"]
[SourceVersion "1"]
[SourceVersionDate "2020.01.31"]
[SourceQuality "1"]

1. Nf3 Nf6 2. d4 g6 3. Nbd2 Bg7 4. e4 d6 5. Bb5+ c6 6. Bd3 0-0 7. 0-0 Nbd7 8. Re1 e5 9. c3 Re8 10. a4 exd4 11. cxd4 d5 12. e5 Nh5 13. Nf1 Nf8 14. Ng3 Bg4 15. h3 Bxf3 16. Qxf3 Nxg3 17. Qxg3 Ne6 18. Be3 f6 19. f4 fxe5 20. dxe5 Rf8 21. Rad1 Kh8 22. Rf1 Bh6 23. Kh1 a5 24. f5 Bxe3 25. fxe6 Qg5 26. Qxg5 Bxg5 27. Rf7 Rxf7 28. exf7 Kg7 29. Rf1 Kf8 30. g3 Ke7 31. h4 Bh6 32. h5 gxh5 33. Bxh7 Bg7 34. Bg6 Bxe5 35. Re1 Kf6 36. Bxh5 Rf8 37. g4 Bxb2 38. Re8 Ba3 39. Kg2 Bd6 40. Kh3 b5 41. axb5 cxb5 42. Kh4 b4 43. g5+ Kg7 44. Re6 Bc5 45. Rg6+ Kh7 46. Rh6+ Kg7 47. Rg6+ Kh7 48. Rh6+ Kg7 49. Rg6+ 1/2-1/2

[Event "Wch Blitz"]
[Site "Moscow"]
[Date "2019.12.29"]
[Round "3"]
[White "Baron, Tal"]
[Black "Afanasiev, Nikita"]
[Result "1/2-1/2"]
[WhiteElo "2541"]
[BlackElo "2517"]
[PlyCount "112"]
[EventDate "2019.12.29"]
[EventType "swiss (blitz)"]
[EventRounds "21"]
[EventCountry "RUS"]
[SourceTitle "CBM 193 Extra"]
[Source "ChessBase"]
[SourceDate "2020.01.31"]
[SourceVersion "1"]
[SourceVersionDate "2020.01.31"]
[SourceQuality "1"]

1. Nf3 g6 2. d4 Bg7 3. e4 d6 4. Nbd2 a6 5. Bd3 Nc6 6. d5 Nb8 7. 0-0 Nf6 8. Re1 0-0 9. h3 c6 10. c4 b5 11. dxc6 Nxc6 12. cxb5 Nb4 13. Bf1 axb5 14. a3 Qb6 15. Nb3 Nc6 16. Be3 Qb8 17. Nfd4 Nxd4 18. Bxd4 e5 19. Bc3 Be6 20. Rc1 Rd8 21. Na5 Bd7 22. Bb4 Qb6 23. Qd2 Be8 24. Qe3 Qxe3 25. Rxe3 d5 26. Nb7 Rdb8 27. Nd6 d4 28. Re2 Bd7 29. Rc7 Bf8 30. Rec2 Ra6 31. Nb7 Bxb4 32. axb4 Ra7 33. Na5 Rxc7 34. Rxc7 Kf8 35. Bd3 Be6 36. Nc6 Ra8 37. Nxe5 Ra1+ 38. Kh2 Rd1 39. f3 Rd2 40. Bxb5 Rxb2 41. Bc4 Bxc4 42. Rxc4 Nh5 43. Nd3 Rd2 44. Nc5 Nf4 45. b5 Rxg2+ 46. Kh1 Rb2 47. b6 Ke7 48. b7 d3 49. Rd4 Rb5 50. Rd7+ Kf6 51. Nxd3 Nxd3 52. Rxd3 Rxb7 53. Kg2 Rb5 54. Kg3 h5 55. h4 Kg7 56. Rd7 Rb4 1/2-1/2

[Event "Wch Blitz"]
[Site "Moscow"]
[Date "2019.12.29"]
[Round "5"]
[White "Baron, Tal"]
[Black "Indjic, Aleksandar"]
[Result "0-1"]
[WhiteElo "2541"]
[BlackElo "2619"]
[PlyCount "64"]
[EventDate "2019.12.29"]
[EventType "swiss (blitz)"]
[EventRounds "21"]
[EventCountry "RUS"]
[SourceTitle "CBM 193 Extra"]
[Source "ChessBase"]
[SourceDate "2020.01.31"]
[SourceVersion "1"]
[SourceVersionDate "2020.01.31"]
[SourceQuality "1"]

1. Nf3 g6 2. d4 Bg7 3. e4 d6 4. Nbd2 Nc6 5. Bb5 a6 6. Bxc6+ bxc6 7. 0-0 Nf6 8. Re1 0-0 9. c3 Nd7 10. Nc4 a5 11. Be3 Nb6 12. Ncd2 a4 13. h4 h6 14. Qc1 f5 15. exf5 Bxf5 16. Nf1 Kh7 17. Ng3 Qd7 18. h5 g5 19. b3 Kg8 20. Qd2 Bh7 21. Nh2 Nd5 22. Nhf1 Nf4 23. Bxf4 gxf4 24. Ne4 f3 25. Nfg3 fxg2 26. Kxg2 Rf7 27. Rg1 Raf8 28. Raf1 Qg4 29. Qe1 Qf3+ 30. Kh2 Rf4 31. Rg2 Bxe4 32. Nxe4 Rxe4 0-1

[Event "Wch Blitz"]
[Site "Moscow"]
[Date "2019.12.29"]
[Round "10"]
[White "Baron, Tal"]
[Black "Tran, Tuan Minh"]
[Result "1-0"]
[WhiteElo "2541"]
[BlackElo "2529"]
[PlyCount "77"]
[EventDate "2019.12.29"]
[EventType "swiss (blitz)"]
[EventRounds "21"]
[EventCountry "RUS"]
[SourceTitle "CBM 193 Extra"]
[Source "ChessBase"]
[SourceDate "2020.01.31"]
[SourceVersion "1"]
[SourceVersionDate "2020.01.31"]
[SourceQuality "1"]

1. Nf3 Nf6 2. d4 b6 3. g3 Bb7 4. Bg2 e6 5. 0-0 Be7 6. c4 0-0 7. Nc3 Ne4 8. Bd2 Bf6 9. Rc1 Nxd2 10. Qxd2 d6 11. e4 Nd7 12. a3 g6 13. Rfe1 Bg7 14. h4 a6 15. h5 Qe7 16. e5 Rad8 17. exd6 cxd6 18. Nd5 Qe8 19. Nc7 Qe7 20. Nd5 Qe8 21. Qg5 h6 22. Qf4 e5 23. Qd2 g5 24. Qb4 f5 25. Qxd6 Nc5 26. Ne7+ Kh8 27. Ng6+ Kg8 28. Qxb6 Bxf3 29. Bxf3 Nd3 30. Bd5+ Kh7 31. Nxf8+ Qxf8 32. Qg6+ Kh8 33. Be6 Nxc1 34. Bxf5 Kg8 35. Be6+ Kh8 36. Bf5 Kg8 37. Rxc1 Rxd4 38. c5 Rd8 39. c6 1-0

[Event "Wch Blitz"]
[Site "Moscow"]
[Date "2019.12.29"]
[Round "2"]
[White "Jumabayev, Rinat"]
[Black "Baron, Tal"]
[Result "1-0"]
[WhiteElo "2646"]
[BlackElo "2541"]
[PlyCount "47"]
[EventDate "2019.12.29"]
[EventType "swiss (blitz)"]
[EventRounds "21"]
[EventCountry "RUS"]
[SourceTitle "CBM 193 Extra"]
[Source "ChessBase"]
[SourceDate "2020.01.31"]
[SourceVersion "1"]
[SourceVersionDate "2020.01.31"]
[SourceQuality "1"]

1. d4 Nf6 2. Bf4 d5 3. e3 e6 4. Nf3 Bd6 5. Bg3 0-0 6. c4 Bxg3 7. hxg3 c5 8. Nc3 cxd4 9. Qxd4 Nc6 10. Qh4 dxc4 11. Ne4 Qa5+ 12. Nfd2 Rd8 13. Nxf6+ gxf6 14. Rd1 Qf5 15. Bxc4 b5 16. Be2 Bb7 17. Ne4 Rxd1+ 18. Bxd1 Ne5 19. Nxf6+ Kg7 20. Nh5+ Kf8 21. Qb4+ Kg8 22. Nf4 Rd8 23. Rh5 Qxh5 24. Bxh5 1-0

[Event "Wch Rapid"]
[Site "Moscow"]
[Date "2019.12.28"]
[Round "15"]
[White "Baron, Tal"]
[Black "Grigoriants, Sergey"]
[Result "1/2-1/2"]
[WhiteElo "2541"]
[BlackElo "2542"]
[PlyCount "83"]
[EventDate "2019.12.26"]
[EventType "swiss (rapid)"]
[EventRounds "15"]
[EventCountry "RUS"]
[SourceTitle "CBM 193 Extra"]
[Source "ChessBase"]
[SourceDate "2020.01.31"]
[SourceVersion "1"]
[SourceVersionDate "2020.01.31"]
[SourceQuality "1"]

1. Nf3 d5 2. d4 Nf6 3. Bf4 Bf5 4. e3 e6 5. c4 Bxb1 6. Qxb1 Bb4+ 7. Kd1 Bd6 8. Bg5 c6 9. Bd3 Nbd7 10. Ke2 Qe7 11. Rd1 h6 12. Bh4 0-0 13. Kf1 Rac8 14. Kg1 a6 15. a3 Rfe8 16. b4 b5 17. c5 Bb8 18. a4 e5 19. dxe5 Nxe5 20. Bf5 Nxf3+ 21. gxf3 Rcd8 22. axb5 axb5 23. Ra6 d4 24. exd4 g5 25. Bg3 Nd5 26. Qb3 Qe2 27. Bd3 Qe6 28. Bxb5 Bxg3 29. hxg3 Nc7 30. Bc4 Qf6 31. Rb6 Rb8 32. Kg2 Kg7 33. Qa4 Rxb6 34. cxb6 Ne6 35. d5 Nd4 36. Qa1 cxd5 37. Bxd5 Nc2 38. Qxf6+ Kxf6 39. b5 Rb8 40. b7 Ke5 41. Bc6 Nb4 42. Rd7 1/2-1/2

[Event "Wch Rapid"]
[Site "Moscow"]
[Date "2019.12.28"]
[Round "14"]
[White "Ivanisevic, Ivan"]
[Black "Baron, Tal"]
[Result "1-0"]
[WhiteElo "2593"]
[BlackElo "2541"]
[PlyCount "109"]
[EventDate "2019.12.26"]
[EventType "swiss (rapid)"]
[EventRounds "15"]
[EventCountry "RUS"]
[SourceTitle "CBM 193 Extra"]
[Source "ChessBase"]
[SourceDate "2020.01.31"]
[SourceVersion "1"]
[SourceVersionDate "2020.01.31"]
[SourceQuality "1"]

1. c4 c5 2. Nc3 g6 3. g3 Bg7 4. Bg2 Nc6 5. d3 d6 6. Qd2 Qd7 7. b3 b6 8. Bb2 Bb7 9. Nd5 e5 10. h4 h5 11. Bh3 Qd8 12. e4 Nd4 13. Bxd4 cxd4 14. f4 Ne7 15. Nf3 f5 16. Ng5 Qd7 17. 0-0 0-0 18. Rae1 Rae8 19. Nxe7+ Rxe7 20. exf5 Qc6 21. Kh2 gxf5 22. Qd1 Qe8 23. fxe5 Bxe5 24. Bg2 f4 25. Bxb7 fxg3+ 26. Kg2 Rxb7 27. Rxf8+ Qxf8 28. Rf1 Qa8 29. Ne4 Qe8 30. Rf5 Rg7 31. Qxh5 Qxh5 32. Rxh5 Kf7 33. Rh6 Ke7 34. Rh5 Rg4 35. Ng5 a5 36. Nf3 Kf6 37. Rh8 Kf5 38. Rf8+ Bf6 39. h5 Ke6 40. Re8+ Kf5 41. Rf8 Ke6 42. Rb8 Rf4 43. Rxb6 Rf5 44. Rb5 Be5 45. Rxa5 Rxh5 46. Nxd4+ Kf6 47. Nf3 Rh7 48. Nxe5 dxe5 49. Kxg3 Rd7 50. Rd5 Ra7 51. b4 Rxa2 52. b5 Rb2 53. Kf3 Kf5 54. Ke3 Ke6 55. d4 1-0

[Event "Wch Rapid"]
[Site "Moscow"]
[Date "2019.12.27"]
[Round "10"]
[White "Atabayev, Maksat"]
[Black "Baron, Tal"]
[Result "1/2-1/2"]
[WhiteElo "2475"]
[BlackElo "2541"]
[PlyCount "82"]
[EventDate "2019.12.26"]
[EventType "swiss (rapid)"]
[EventRounds "15"]
[EventCountry "RUS"]
[SourceTitle "CBM 193 Extra"]
[Source "ChessBase"]
[SourceDate "2020.01.31"]
[SourceVersion "1"]
[SourceVersionDate "2020.01.31"]
[SourceQuality "1"]

1. e4 c5 2. Nc3 Nc6 3. f4 g6 4. Nf3 Bg7 5. Bb5 Nd4 6. Bc4 e6 7. 0-0 Ne7 8. e5 d5 9. Nxd4 cxd4 10. Bb5+ Nc6 11. Ne2 0-0 12. Bxc6 bxc6 13. d3 c5 14. Bd2 Qb6 15. b3 Ba6 16. Be1 f6 17. exf6 Bxf6 18. Kh1 Rae8 19. Ng1 c4 20. Bg3 Bg7 21. Qe2 Qb5 22. Rad1 Bh6 23. Nf3 cxd3 24. cxd3 Bxf4 25. Nxd4 Qb8 26. Nxe6 Qd6 27. Bxf4 Qxe6 28. Qd2 Qe2 29. Kg1 h5 30. Qa5 Rxf4 31. Qxd5+ Kh8 32. Rxf4 Qxd1+ 33. Rf1 Re1 34. Qd8+ Kh7 35. Qc7+ Kh6 36. Qf4+ Kh7 37. Qf7+ Kh6 38. Qf8+ Kh7 39. Qf7+ Kh6 40. Qf4+ Kh7 41. Qc7+ Kh6 1/2-1/2

[Event "Wch Rapid"]
[Site "Moscow"]
[Date "2019.12.27"]
[Round "8"]
[White "Sychev, Klementy"]
[Black "Baron, Tal"]
[Result "0-1"]
[WhiteElo "2563"]
[BlackElo "2541"]
[PlyCount "98"]
[EventDate "2019.12.26"]
[EventType "swiss (rapid)"]
[EventRounds "15"]
[EventCountry "RUS"]
[SourceTitle "CBM 193 Extra"]
[Source "ChessBase"]
[SourceDate "2020.01.31"]
[SourceVersion "1"]
[SourceVersionDate "2020.01.31"]
[SourceQuality "1"]

1. e4 c5 2. Nf3 Nc6 3. d4 cxd4 4. Nxd4 Nf6 5. Nc3 e5 6. Ndb5 d6 7. Bg5 a6 8. Na3 b5 9. Bxf6 gxf6 10. Nd5 f5 11. g3 fxe4 12. Bg2 Bg7 13. Bxe4 Be6 14. c3 0-0 15. Ne3 Ne7 16. Nd5 Rc8 17. Nc2 Rc5 18. Nxe7+ Qxe7 19. 0-0 d5 20. Bg2 a5 21. f4 d4 22. cxd4 exd4 23. Be4 Bg4 24. Qd3 Rfc8 25. Rae1 Qa7 26. Na3 b4 27. Nb1 Bd7 28. Bxh7+ Kf8 29. Rf2 Bb5 30. Qf3 d3 31. Kg2 f5 32. Qh5 Bc6+ 33. Kh3 Be4 34. Nd2 Bd4 35. Rff1 Qd7 36. Nb3 R5c7 37. Bg6 Kg7 38. Rxe4 fxe4+ 39. Bf5 Rh8 40. Qxh8+ Kxh8 41. Bxd7 Rxd7 42. Rd1 Bb6 43. Nc1 Be3 44. Nb3 a4 45. Na5 Rc7 46. b3 Bd4 47. bxa4 e3 48. Rxd3 e2 49. Rxd4 e1Q 0-1

[Event "Wch Rapid"]
[Site "Moscow"]
[Date "2019.12.26"]
[Round "1"]
[White "Baron, Tal"]
[Black "Adly, Ahmed"]
[Result "0-1"]
[WhiteElo "2541"]
[BlackElo "2607"]
[PlyCount "104"]
[EventDate "2019.12.26"]
[EventType "swiss (rapid)"]
[EventRounds "15"]
[EventCountry "RUS"]
[SourceTitle "CBM 193 Extra"]
[Source "ChessBase"]
[SourceDate "2020.01.31"]
[SourceVersion "1"]
[SourceVersionDate "2020.01.31"]
[SourceQuality "1"]

1. e4 c5 2. Nf3 d6 3. d4 Nf6 4. Nc3 cxd4 5. Nxd4 a6 6. h4 e5 7. Nb3 Be7 8. Be2 h5 9. Bg5 Nbd7 10. Qd2 b5 11. a3 Bb7 12. f3 Rc8 13. 0-0-0 Qc7 14. Kb1 0-0 15. g4 hxg4 16. fxg4 Nxe4 17. Nxe4 Bxe4 18. Bxe7 Bxc2+ 19. Ka1 Bxb3 20. Bxd6 Qb7 21. Rc1 Rxc1+ 22. Rxc1 Rc8 23. Rf1 Qg2 24. Qe3 Be6 25. Rd1 Rc2 26. Bf3 Qh2 27. Bxe5 Nxe5 28. Rd8+ Kh7 29. Be4+ g6 30. Bxc2 Qxc2 31. h5 Qxb2+ 32. Kxb2 Nc4+ 33. Kc3 Nxe3 34. hxg6+ Kxg6 35. Rg8+ Kf6 36. g5+ Kf5 37. Rg7 a5 38. Rg8 Nc4 39. a4 bxa4 40. Rg7 Nd6 41. Kb2 Nb5 42. Rg8 a3+ 43. Kb1 Nd4 44. Ra8 Nc6 45. Ra6 Bd5 46. Rb6 a2+ 47. Kb2 Ne5 48. Rb5 Ke4 49. Ka1 Nc6 50. Rc5 Nd4 51. Rc7 Bb3 52. Kb2 Nc2 0-1